Babaye Balochistan / (Record no. 331090)

000 -LEADER
fixed length control field nam a22 7a 4500
003 - CONTROL NUMBER IDENTIFIER
control field NUST
005 - DATE AND TIME OF LATEST TRANSACTION
control field 20170911131123.0
008 - FIXED-LENGTH DATA ELEMENTS--GENERAL INFORMATION
fixed length control field 170911b xxu||||| |||| 00| 0 eng d
040 ## - CATALOGING SOURCE
Transcribing agency NUST
082 ## - DEWEY DECIMAL CLASSIFICATION NUMBER
Classification number 923.2
Author Mark BIZ
100 ## - MAIN ENTRY--PERSONAL NAME
Personal name Tahir Bizenjo
9 (RLIN) 4534
245 ## - TITLE STATEMENT
Title Babaye Balochistan /
Statement of responsibility, etc. by Tahir Bizenjo
260 ## - PUBLICATION, DISTRIBUTION, ETC.
Place of publication, distribution, etc. Quetta:
Name of publisher, distributor, etc. Sales and Services,
Date of publication, distribution, etc. 2011
300 ## - PHYSICAL DESCRIPTION
Extent 204 p.
650 ## - SUBJECT ADDED ENTRY--TOPICAL TERM
Topical term or geographic name entry element Biography
9 (RLIN) 461
880 ## - ALTERNATE GRAPHIC REPRESENTATION
Linkage 100-01\(3\r
Title طاہر بزنجو
880 ## - ALTERNATE GRAPHIC REPRESENTATION
Linkage 245-02\(3\r
Title بابائے بلوچستان
c طاہر بزنجو
880 ## - ALTERNATE GRAPHIC REPRESENTATION
Linkage 260-03\(3\r
Title کوئٹہ:
b سیلز اینڈ سروسز،
c 2011
942 ## - ADDED ENTRY ELEMENTS (KOHA)
Source of classification or shelving scheme
Koha item type Book
Holdings
Withdrawn status Lost status Source of classification or shelving scheme Damaged status Not for loan Permanent Location Current Location Shelving location Date acquired Total Checkouts Full call number Barcode Date last seen Copy number Price effective from Koha item type
          Central Library (CL) Central Library (CL) Book Cart 09/11/2017   923.254915 BIZ CL2744 09/11/2017 1 09/11/2017 Book
© 2023 Central Library, National University of Sciences and Technology. All Rights Reserved.